5HLuxD.jpg

KING HENRY VIII SENIOR AND PRIMARY SCHOOL LIBRARY OPAC

The Little Mermaid / (Record no. 5596)

000 -LEADER
fixed length control field 00965nam a22002537a 4500
003 - CONTROL NUMBER IDENTIFIER
control field OSt
005 - DATE AND TIME OF LATEST TRANSACTION
control field 20251009090033.0
008 - FIXED-LENGTH DATA ELEMENTS--GENERAL INFORMATION
fixed length control field 251009b ||||| |||| 00| 0 eng d
020 ## - INTERNATIONAL STANDARD BOOK NUMBER
International Standard Book Number 9781409591528
040 ## - CATALOGING SOURCE
Transcribing agency KH8
082 ## - DEWEY DECIMAL CLASSIFICATION NUMBER
Classification number FIC DAY
100 ## - MAIN ENTRY--PERSONAL NAME
Personal name Daynes, Katie,
Relator term author.
245 ## - TITLE STATEMENT
Title The Little Mermaid /
Statement of responsibility, etc. retold by Katie Daynes ; illiustrated by Alan Marks.
260 ## - PUBLICATION, DISTRIBUTION, ETC.
Place of publication, distribution, etc. England ;
Name of publisher, distributor, etc. Usborne Publishing Ltd ,
Date of publication, distribution, etc. 2005.
300 ## - PHYSICAL DESCRIPTION
Extent 48 pages :
Other physical details color illustrations ;
Dimensions 20 cm.
490 ## - SERIES STATEMENT
Series statement Usborne Young Reading
Volume/sequential designation Series one
520 ## - SUMMARY, ETC.
Summary, etc. The little mermaid longs to see the world above the waves. "Will the wind stroke my hair?" she wonders. "Will the sun kiss my cheeks?" On her fifteenth birthday sge finally finds out... and her life changes forever.
650 ## - SUBJECT ADDED ENTRY--TOPICAL TERM
Topical term or geographic name entry element Easy reading
Form subdivision fiction
650 ## - SUBJECT ADDED ENTRY--TOPICAL TERM
Topical term or geographic name entry element Story telling
Form subdivision fiction
650 ## - SUBJECT ADDED ENTRY--TOPICAL TERM
Topical term or geographic name entry element love story
700 ## - ADDED ENTRY--PERSONAL NAME
Personal name Marks, Alan,
Relator term illustrator.
830 ## - SERIES ADDED ENTRY--UNIFORM TITLE
Uniform title Usborne Young Reading
942 ## - ADDED ENTRY ELEMENTS (KOHA)
Source of classification or shelving scheme
Koha item type Books - Fiction
Holdings
Withdrawn status Lost status Source of classification or shelving scheme Damaged status Not for loan Collection code Permanent Location Current Location Shelving location Date acquired Full call number Barcode Date last seen Price effective from Koha item type
          Fiction KH8 Senior School Library KH8 Senior School Library Staff Office 2025-10-09 FIC DAY BRKHSL000013 2025-10-09 2025-10-09 Books - Fiction

Powered By KH8 IT Dept